Integración de la petroquímica en México /

El propósito de la obra es el desarrollo armónico y sostenido de la petroquímica en México. Para ello, el autor, propone que los conocimientos que se tienen muy fragmentados se integren de alguna manera, con ese fin nos presenta los elementos y las interrelaciones entre los hidrocarburos que forman...

Mô tả đầy đủ

Đã lưu trong:
Chi tiết về thư mục
Tác giả chính: Montaño Aubert, Eduardo (autor)
Định dạng: Sách
Ngôn ngữ:Tiếng Tây Ban Nha
Được phát hành: México : UNAM, 2001, c2001
Những chủ đề:
Các nhãn: Thêm thẻ
Không có thẻ, Là người đầu tiên thẻ bản ghi này!

MARC

LEADER 00000nam^a2200000^a^4500
001 000178370
005 20250521000000.0
009 20260310101746.327
020 |a 968-36-9493-4 
037 |a Acervo ITESO - Biblioteca 
041 |a ESP 
082 |a 661. 8040972  |b MON 
100 |a Montaño Aubert, Eduardo  |e (autor) 
245 1 0 |a Integración de la petroquímica en México /  |c E. Montaño Aubert. 
264 4 |a México :  |b UNAM,  |c 2001, c2001 
300 |a 301 p. 
336 |a texto  |b txt  |2 rdacontenido 
337 |a sin mediación  |b n  |2 rdamedio 
338 |a volumen  |b nc  |2 rdasoporte 
520 |a El propósito de la obra es el desarrollo armónico y sostenido de la petroquímica en México. Para ello, el autor, propone que los conocimientos que se tienen muy fragmentados se integren de alguna manera, con ese fin nos presenta los elementos y las interrelaciones entre los hidrocarburos que forman la base, sus transformaciones sucesivas y las necesidades que ayudan a satisfacer los productos petroquímicos requeridos para las necesidades humanas. 
649 |a XX 
650 |a Productos Químicos -  |x Catálogos 
650 |a Productos Químicos -  |x Propiedades Físicas 
650 |a Petroquímica -  |z México 
650 |a Petróleo -  |x Productos 
650 |a Petróleo -  |z México -  |x Aspectos Económicos 
650 |a Industria Química -  |z México 
650 |a Ingeniería Química 
910 |a Fondo General 
920 |a Impresos - Libros 
930 |a Colección General 
905 |a 101 
901 |a 0500117095  |b IT1  |c ACC  |u 20250521 
902 |a https://opac.biblio.iteso.mx/vufind/Record/000178370